| 000 | 00630nam a22001337a 4500 | ||
|---|---|---|---|
| 040 | _cRUA | ||
| 082 | _aFIS GNE 2012 B184 Or.1 | ||
| 100 | _aGNET, TOUCH. | ||
| 245 | _aEffect of using earthwor duckweed and water spinach on growing frog, ប្រសិទ្ធភាពនៃការប្រើប្រាស់ជន្លេន ចកបាយទា និងត្រួនលើការលូតលាស់របស់កង្កែប | ||
| 260 |
_aPhnom penh _bRUA _c2012 |
||
| 300 |
_ax; 45p. _bill. _c29cm. |
||
| 856 | _uhttps://drive.google.com/file/d/1c1YfxN3fDTvnxFkGQYeomrZuMczwYlwu/view?usp=sharing | ||
| 942 | _cFIS | ||
| 999 |
_c4048 _d4048 |
||